Представление документа в формате RUSMARC

Поле Инд. ПП Название Значение
Тип записи a
Библиографический уровень m
001 Контрольный номер 444a9a72772047aa897bbe5f382a6e06
005 Дата корректировки 20220415142809.9
100 a Данные общей обработки 20220415 ||| 0rusy0189 ca
101 0_ a Язык текста rus
102 a Страна публикации RU
200 1_ a Заглавие № 1(132)
461 _0 1 2001
a Образование и общество
v № 1(132)
1 2101
d 2022
1 00152eaafc5493242ad95790670927641cf
801 _0 a Страна RU
b Организация ОГУ имени И. С. Тургенева, НБ
c Дата составления 20220415
g Правила каталогизации PSBO
801 _1 a Страна RU
b Организация ОГУ имени И. С. Тургенева, НБ
c Дата составления 20220415
g Правила каталогизации PSBO
901 t Тип документа s
w Контрольный № источника 52eaafc5493242ad95790670927641cf